| 000 | 00532nam a22001697a 4500 | ||
|---|---|---|---|
| 005 | 20251108171234.0 | ||
| 008 | 250721s1990 xx 000 0 ara d | ||
| 082 | 1 | 4 | _a028.7/عبد |
| 100 | 1 | _aعبد الرحمن، عبد الجبار | |
| 245 | 1 | 0 | _aالمدخل إلى المراجع العربية العامة / |
| 264 | 1 |
_aالبصرة : _bجامعة البصرة، _c1990. |
|
| 300 | _a345ص | ||
| 650 | 1 | 7 | _aالمواد المرجعية |
| 650 | 1 | 7 | _aإستخدام المراجع |
| 942 |
_2ddc _cBK |
||
| 999 |
_c60165 _d60165 |
||